000 00291nam a22001337a 4500
008 170801b xxu||||| |||| 00| 0 eng d
020 _a9781439081051
041 _aeng
080 _a004
100 _a32
101 _aSHKI
245 _aMICROSOFT WINDOWS 7
_cCASHMAN, SH
942 _2udc
_cBK
999 _c22352
_d22352